| 000 | 00886nas a2200301 4500 | ||
|---|---|---|---|
| 001 | BR0203464 | ||
| 003 | BR-BrBNA | ||
| 005 | 20231205103110.0 | ||
| 007 | ta | ||
| 008 | 230509b bl.|||p| |||| 00| 00por d | ||
| 040 |
_aBR-BrBNA _bpor _cBiblioteca Nacional de Agricultura |
||
| 041 | _a(Pt) | ||
| 072 | _aF08 | ||
| 100 | 1 | _aHeckler, J.C. | |
| 245 | 1 | _aSorgo e girassol no outono-inverno, em sistema plantio direto, no Mato Grosso do Sul, Brasil | |
| 650 | _aSORGO | ||
| 650 | _aGIRASSOL | ||
| 650 | _aROTAÇÃO DE CULTURA | ||
| 650 | _aCULTIVO MÚLTIPLO | ||
| 650 | _aSISTEMA DE CULTIVO | ||
| 650 | _aOUTONO | ||
| 650 | _aINVERNO | ||
| 650 | _aPLANTIO DIRETO | ||
| 650 | _aMATO GROSSO DO SUL | ||
| 773 | 0 |
_tCiência Rural (Brazil) _xISSN 0103-8478 _g(May-Jun 2002), v. 32(3) p. 517-520 _wBR0203464 |
|
| 909 |
_a202311 _bLúcia _c55 _dLúcia Elande |
||
| 942 |
_2AGRIS _n0 _cANA |
||
| 999 |
_c171059 _d171059 |
||